Map Quiz - Name World Capitals - Statistics

General Stats
  • This quiz has been taken 34 times
  • The average score is 145 of 200
Answers on the Map
Answers color-coded by a green-red scale on the quiz's map according to % correct below.
 
Answer Stats
Answer % Correct
Washington D.C.
100%
Mexico City
97%
Ottawa
97%
Berlin
93%
Canberra
93%
London
93%
Paris
93%
Brasília
90%
Buenos Aires
90%
Dublin
90%
Madrid
90%
Moscow
90%
Santiago
90%
Athens
87%
Beijing
87%
Copenhagen
87%
Havana
87%
Jakarta
87%
Kabul
87%
Manila
87%
Monaco
87%
New Delhi
87%
Pyongyang
87%
Rome
87%
Seoul
87%
Singapore
87%
Tokyo
87%
Vatican City
87%
Wellington
87%
Abu Dhabi
83%
Amsterdam
83%
Andorra la Vella
83%
Ankara
83%
Bern
83%
Brussels
83%
Budapest
83%
Cairo
83%
Cape Town
83%
Guatemala City
83%
Helsinki
83%
Kyiv
83%
Lima
83%
Lisbon
83%
Luxembourg
83%
Minsk
83%
Oslo
83%
Prague
83%
Reykjavik
83%
San Marino
83%
Skopje
83%
Sofia
83%
Stockholm
83%
Tirana
83%
Warsaw
83%
Algiers
80%
Astana
80%
Baku
80%
Bogotá
80%
Bucharest
80%
Damascus
80%
Kingston
80%
Kingstown
80%
Panama City
80%
Riga
80%
Riyadh
80%
Sarajevo
80%
Tehran
80%
Tunis
80%
Vilnius
80%
Zagreb
80%
Antananarivo
77%
Beirut
77%
Caracas
77%
Chișinău
77%
Georgetown
77%
Hanoi
77%
Jerusalem
77%
Kuwait City
77%
Ljubljana
77%
Montevideo
77%
Nairobi
77%
Rabat
77%
San Salvador
77%
Tallinn
77%
Tripoli
77%
Vienna
77%
Amman
73%
Bangkok
73%
Belgrade
73%
Djibouti
73%
Islamabad
73%
Kuala Lumpur
73%
La Paz
73%
Nassau
73%
Nicosia
73%
Podgorica
73%
Port-au-Prince
73%
Pristina
73%
San José
73%
Taipei
73%
Tbilisi
73%
Vaduz
73%
Valletta
73%
Asunción
70%
Baghdad
70%
Bratislava
70%
Dhaka
70%
Freetown
70%
Harare
70%
Kathmandu
70%
Phnom Penh
70%
Pretoria
70%
Santo Domingo
70%
São Tomé
70%
Ulaanbaatar
70%
Yerevan
70%
Abuja
67%
Addis Ababa
67%
Ashgabat
67%
Bandar SeriBegawan
67%
Bishkek
67%
Bloemfontein
67%
Dakar
67%
Doha
67%
Kinshasa
67%
Mogadishu
67%
Paramaribo
67%
Port Moresby
67%
Quito
67%
Sana'a
67%
St. John's
67%
Sucre
67%
Tashkent
67%
Tegucigalpa
67%
Accra
63%
Apia
63%
Bamako
63%
Basseterre
63%
Belmopan
63%
Brazzaville
63%
Bridgetown
63%
Dili
63%
Funafuti
63%
Khartoum
63%
Malé
63%
Managua
63%
Manama
63%
Maputo
63%
Monrovia
63%
Moroni
63%
Ouagadougou
63%
Port Louis
63%
Port-of-Spain
63%
SriJayawardenepura Kotte
63%
Windhoek
63%
Bissau
60%
Castries
60%
Conakry
60%
Dodoma
60%
Gaborone
60%
Gitega
60%
Kampala
60%
Lomé
60%
Luanda
60%
Muscat
60%
Naypyidaw
60%
N'Djamena
60%
Niamey
60%
Port Vila
60%
St. George's
60%
Suva
60%
Yamoussoukro
60%
Yaoundé
60%
Yaren
60%
Asmara
57%
Bangui
57%
Banjul
57%
Dushanbe
57%
Juba
57%
Kigali
57%
Libreville
57%
Lilongwe
57%
Majuro
57%
Malabo
57%
Maseru
57%
Mbabane
57%
Ngerulmud
57%
Nouakchott
57%
Nuku'alofa
57%
Palikir
57%
Porto-Novo
57%
Praia
57%
Thimphu
57%
Victoria
57%
Vientiane
57%
Honiara
53%
Lusaka
53%
Roseau
53%
South Tarawa
53%
Cotonou
47%
No matching quizzes found
Score Distribution
Percent of People with Each Score
Percentile by Number Answered
Your Score History
You have not taken this quiz